| 000 | 01468nam a22003857a 4500 | ||
|---|---|---|---|
| 003 | CHAP | ||
| 005 | 20220329133826.0 | ||
| 008 | 971013s1981 r 00010 d | ||
| 010 | _a11441 | ||
| 011 | _a12413 | ||
| 035 | _a15598 | ||
| 040 | _cCHAP | ||
| 090 | _aTesis | ||
| 100 | 0 | 0 |
_aMiranda Hernández, Oscar Humberto. _976080 |
| 245 | _aDetermianción de dosis óptimas económicas para capital limitado e ilimitado en el uso del nitrógeno, fósforo y distancias de siembra en el cultivo de la papa (Solanum tuberosum L.) para el altíplano central de Chimaltenango | ||
| 260 |
_aGuatemala : _bEl autor, _c1981 |
||
| 300 | _a61 h. gráfs. | ||
| 500 | _aD14-33 | ||
| 502 | _aTesis (Ing. Agrónomo) -- Univ. de San Carlos de Guatemala. Fac. de Agronomía | ||
| 590 |
_aALEPH _b10 _c20130110 _lUCH01 _h1229 |
||
| 590 |
_aBATCH-UPD _b10 _c20130110 _lUCH01 _h0138 |
||
| 590 |
_aBATCH-UPD _b10 _c20130110 _lUCH01 _h2024 |
||
| 590 |
_aBATCH-UPD _b10 _c20130409 _lUCH01 _h2135 |
||
| 590 |
_aBATCH-UPD _b10 _c20130410 _lUCH01 _h1342 |
||
| 590 |
_aBATCH-UPD _b10 _c20130914 _lUCH01 _h1425 |
||
| 590 |
_aCONVERSION _b10 _c20130109 _lUCH01 _h1308 |
||
| 650 | 1 | 4 |
_aFertilizantes _xAspectos económicos. _940451 |
| 650 | 1 | 4 |
_aFósforo _xEfecto en papa. _942246 |
| 650 | 1 | 4 |
_aNitrógeno _xEfecto en papa. _981453 |
| 650 | 1 | 4 |
_aPapa _xEspaciamiento. _985233 |
| 650 | 1 | 4 |
_aPapa _xGuatemala. _985245 |
| 901 | _aBK | ||
| 942 | _cTESIS | ||
| 949 |
_bBC _cTES _d-27806 _eTS1 _h20189 _i15598 _si |
||
| 999 |
_c11441 _d11441 |
||